000 01021 a2200313 4500
003 OSt
005 20180116192358.0
008 120702t xxu||||| |||| 00| 0 eng d
010 _a 2006468675
020 _a0714845205 (pbk.)
020 _a9780714845203
035 _a(OCoLC)ocm57692668
040 _c0
082 0 4 _a745.4092
100 1 _aMau, Bruce.
_95311
245 1 0 _aLife style /
_cBruce Mau ; edited by Kyo Maclear with Bart Testa.
260 _aLondon ;
_aNew York :
_bPhaidon,
_c2005.
300 _a623 p. :
_bill. (some col.) ;
_c25 cm.
500 _aOriginally published: 2000.
600 1 0 _aMau, Bruce
_95312
610 2 0 _aBruce Mau Design
_95313
650 1 0 _aGraphic arts
_zCanada
_xHistory
_y20th century
_95314
650 1 0 _aCommercial art
_zCanada
_xHistory
_y20th century
_95315
650 1 0 _aDesign.
_95316
700 1 _aTesta, Bart.
_95317
700 1 _aMaclear, Kyo,
_d1970-
_95318
942 _aSADA
_cBK
_k745.4092 MAU 2005
_2ddc
999 _c353201
_d353201